书目信息 |
| 题名: |
清代中俄恰克图边境贸易
|
|
| 作者: | 米镇波 著 | |
| 分册: | ||
| 出版信息: | 天津 南开大学出版社 2003 |
|
| 页数: | 170页 | |
| 开本: | 20cm | |
| 丛书名: | ||
| 单 册: | ||
| 中图分类: | F752.949 | |
| 科图分类: | ||
| 主题词: | 中俄关系--边境贸易--经济史--清代 | |
| 电子资源: | ||
| ISBN: | 7-310-01918-0 | |
| 000 | 00584nam0 2200193 45 | |
| 001 | 0401051678 | |
| 005 | 20040105164216.1 | |
| 010 | @a7-310-01918-0@dCNY9.00 | |
| 100 | @a20040105d2003 km y0chiy0120 ea | |
| 101 | 0 | @achi |
| 105 | @a z 000yy | |
| 200 | 1 | @a清代中俄恰克图边境贸易@AQing Dai Zhong E Qia Ke Tu Bian Jing Mao Yi@f米镇波著@FMi Zhen Bo Zhu |
| 210 | @a天津@c南开大学出版社@d2003 | |
| 215 | @a170页@d20cm | |
| 606 | 0 | @a中俄关系@x边境贸易@x经济史@z清代 |
| 690 | @aF752.949@v4 | |
| 701 | 0 | @a米镇波@4著 |
| 801 | @aCN@bTSTC@c20040105 | |
| 905 | @b330819-823@dF752.949@e11@f5 | |
| 清代中俄恰克图边境贸易/米镇波著.-天津:南开大学出版社,2003 |
| 170页;20cm |
| ISBN 7-310-01918-0:CNY9.00 |
| ● |
| 相关链接 |
|
|
|
|
正题名:清代中俄恰克图边境贸易
索取号:F752.949/11
 
预约/预借
| 序号 | 登录号 | 条形码 | 馆藏地/架位号 | 状态 | 备注 |
| 1 | 0330819 | 203308198 | 第一借阅区/ [索取号:F752.949/11] | 在馆 | |
| 2 | 0330820 | 203308205 | 第一借阅区/ [索取号:F752.949/11] | 在馆 | |
| 3 | 0330821 | 203308214 | 第一借阅区/ [索取号:F752.949/11] | 在馆 | |
| 4 | 0330822 | 203308223 | 第一借阅区/ [索取号:F752.949/11] | 在馆 | |
| 5 | 0330823 | 203308232 | 第一样本阅览室/ [索取号:F752.949/11] | 在馆 |